000 00657nam a22001937a 4500
999 _c15145
_d15145
003 OSt
082 _2631.7 RAH/AN
088 _aP 244
100 _aRAHUL B. T
_93668
245 _aAnalysis of Meenachil watershed using foss GIS tools
260 _aTavanur 2012
_bDepartment of Land and Water Resource Conservation engineering
300 _a63
500 _aAnalysis of Meenachil watershed using foss GIS tools
520 _aAnalysis of Meenachil watershed using foss GIS tools
700 _aSumit Kumar Jha
_93669
700 _aEr. Vishnu B (Guide)
_93355
856 _uhttps://drive.google.com/open?id=1Y_bUNnUsG83GX3-Ew5ULhpQQp8Z0D36s
942 _cPR